| 000 | 00599nam a2200181 i 4500 | ||
|---|---|---|---|
| 001 | bg | ||
| 245 | 0 |
_aTworzywa handlowe : _balfabetyczne listy tworzyw dostępnych w handlu zestawione wg nazw handlowych i firm produkujących. |
|
| 260 |
_aWarszawa : _bWydaw. Informacji Zawodowej Weka, _c2001. |
||
| 300 |
_a168 s. ; _c21 cm. |
||
| 500 | _aAktualiz. nr 14 do katalogu "Konstrukcje z tworzyw sztucznych - praktyczny poradnik". | ||
| 650 | 9 | _aTworzywa sztuczne | |
| 655 | _aSpisy | ||
| 040 | _cBPK | ||
| 041 | 0 | _apl | |
| 080 | _a678 | ||
| 942 | _cKA | ||
| 008 | s pl f |000 0 pol | ||
| 999 |
_c34996 _d34996 |
||
| 856 |
_uhttp://koha.tu.koszalin.pl/cgi-bin/koha/opac-detail.pl?biblionumber=34996 _yKatalog online BPK |
||